[Event "Bochum"]
[Site "Bochum"]
[Date "1981.??.??"]
[Round "?"]
[White "Chandler, Murray G"]
[Black "Hort, Vlastimil"]
[Result "1/2-1/2"]
[WhiteElo "2455"]
[BlackElo "2575"]

1.d4 Nf6 2.c4 e6 3.Nf3 b6 4.g3 Ba6 5.Qb3 Nc6 6.Nbd2 Na5 7.Qa4 Bb7 8.Bg2 c5
9.O-O Bc6 10.Qc2 cxd4 11.Nxd4 Bxg2 12.Kxg2 Rc8 13.e4 Bc5 14.N4b3 Nxb3 15.Nxb3 Qc7
16.Bg5 Be7 17.Nd2 Qc6 18.Kg1 h6 19.Bxf6 Bxf6 20.Rad1 O-O 21.b3 Rfd8 22.Qd3 d5
23.exd5 exd5 24.Qf3 dxc4 25.Qxc6 Rxc6 26.Nxc4 b5 27.Rxd8+ Bxd8 28.Rd1 bxc4
29.Rxd8+ Kh7 30.bxc4  1/2-1/2

[Event "Elekes mem-A"]
[Site "Budapest"]
[Date "1981.??.??"]
[Round "?"]
[White "Tokaji, Nagy Gyorgy"]
[Black "Pogats, Jozsef"]
[Result "1/2-1/2"]
[WhiteElo "2200"]
[BlackElo "2375"]

1.d4 Nf6 2.c4 e6 3.Nf3 b6 4.g3 Ba6 5.b3 Bb4+ 6.Bd2 Be7 7.Bg2 O-O 8.O-O d5
9.Ne5 Bb7 10.Nc3 Nbd7 11.Nxd7 Qxd7 12.Rc1 Rfd8 13.Bg5 h6 14.cxd5 exd5 15.Bf4 Rac8
16.Qd3 c6 17.Rfd1 Re8 18.Rc2 Qe6  1/2-1/2

[Event "Elekes mem-A"]
[Site "Budapest"]
[Date "1981.??.??"]
[Round "?"]
[White "Henttinen, Markku IO"]
[Black "Pogats, Jozsef"]
[Result "1/2-1/2"]
[WhiteElo "2290"]
[BlackElo "2375"]

1.d4 Nf6 2.c4 e6 3.Nf3 b6 4.g3 Ba6 5.Qa4 c5 6.Bg2 Bb7 7.O-O cxd4 8.Nxd4 Bxg2
9.Kxg2 Qc8 10.Nc3 Qb7+ 11.f3 Be7 12.Bf4 a6 13.Rfd1 O-O 14.Rac1 d6 15.Nc2 Rd8
16.Nb4 h6 17.a3 Ne8 18.Rd3 a5 19.Nba2 Na6 20.Be3 Nc5 21.Bxc5 bxc5 22.Rcd1 Nf6
23.R1d2 d5 24.Qb5 Qxb5 25.Nxb5 d4 26.e3 dxe3 27.Rxd8+ Rxd8 28.Rxd8+ Bxd8
29.Nc1 Nd7 30.Nd3 g5 31.Kf1 Bf6 32.b3 Kf8 33.Ke2 Ke7 34.Kxe3 Be5 35.f4 Bg7
36.h3 f5 37.Kf3 e5 38.fxe5 Nxe5+ 39.Nxe5 Bxe5 40.g4 Ke6 41.Na7  1/2-1/2

[Event "Elekes mem-A"]
[Site "Budapest"]
[Date "1981.??.??"]
[Round "?"]
[White "Henttinen, Markku IO"]
[Black "Schneider, Attila"]
[Result "1/2-1/2"]
[WhiteElo "2290"]
[BlackElo "2360"]

1.d4 Nf6 2.c4 e6 3.Nf3 b6 4.g3 Ba6 5.Nbd2 Bb7 6.Bg2 Be7 7.O-O O-O 8.b3 d5
9.Bb2 c5 10.cxd5 exd5 11.Ne5 Na6 12.Ndc4 Re8 13.Ne3 Nc7 14.Rc1 Ne6 15.Nf5 Bf8
16.dxc5 bxc5 17.Qd2 Qb6 18.Rfd1 a5 19.e4 Nd4 20.Nxd4 Rxe5 21.Qf4 Rae8 22.Nf5 d4
23.f3 a4 24.b4 Qxb4 25.Rb1 Qc4 26.Bxd4 cxd4 27.Rxb7 Qxa2 28.Bf1 d3 29.Rd2 Qe6
30.Bxd3 h6 31.Rc2 Rc5 32.Rxc5 Bxc5+ 33.Kg2 Qa2+ 34.Kh3 Nh7 35.g4 Ng5+ 36.Kh4 Nxf3+
37.Kh5 g6+  1/2-1/2

[Event "DDR-ch 30th"]
[Site "Fuerstenwalde"]
[Date "1981.??.??"]
[Round "5"]
[White "Gauglitz, Gernot"]
[Black "Gruenberg, Hans Ulrich"]
[Result "0-1"]
[WhiteElo "2235"]
[BlackElo "2435"]

1.d4 Nf6 2.c4 e6 3.Nf3 b6 4.g3 Ba6 5.b3 Bb4+ 6.Bd2 Be7 7.Bg2 d5 8.Bc3 Nbd7
9.Nbd2 Rc8 10.O-O O-O 11.Rc1 c5 12.Re1 cxd4 13.Bxd4 Bb4 14.a3 Bxd2 15.Nxd2 dxc4
16.Nxc4 Bxc4 17.bxc4 Nc5 18.Rc2 Qe7 19.Qb1 Rfd8 20.Qb2 Rd7 21.Bf3 Rcd8 22.Be3 Rc7
23.Bf4 Rcc8 24.h4 Nfe4 25.Qb4 Rd7 26.a4 Nxf2 27.Kg2 e5 28.Bg5 f6 29.Be3 Nfe4
30.Bg4 Nd3 31.exd3 Qxb4 32.Bxd7 Qxe1  0-1

[Event "Gausdal Int"]
[Site "Gausdal"]
[Date "1981.??.??"]
[Round "4"]
[White "Kraidman, Yair"]
[Black "Schneider, Lars Ake"]
[Result "1/2-1/2"]
[WhiteElo "2440"]
[BlackElo "2410"]

1.d4 Nf6 2.c4 e6 3.Nf3 b6 4.g3 Ba6 5.Qa4 c5 6.Bg2 Bb7 7.O-O cxd4 8.Nxd4 Bxg2
9.Kxg2 Qc7 10.Nc3 Be7 11.Rd1 a6 12.e4 O-O 13.Bf4 Qb7 14.f3 Rc8 15.Rd2 d6
16.Nde2 Ne8 17.Rad1 Nd7 18.e5 b5 19.cxb5 d5 20.bxa6 Rxa6 21.Qd4 g5 22.Bxg5 Bxg5
23.Qg4 h6 24.f4 d4+ 25.Kf2 dxc3 26.Rxd7 c2 27.R1d4 Qxb2 28.Qh5 Nd6 29.R4xd6 Rf8
30.Rd2 Bd8 31.Rxd8 Qb6+ 32.R8d4 Rxa2 33.Kg2 Qc6+ 34.Kh3 c1=Q 35.Nxc1 Rxd2
36.Rxd2 Qxc1 37.Rf2 Kg7 38.Qg4+ Kh7 39.f5 Qe3 40.Rf3 Qxe5 41.fxe6 f5 42.Qb4 Re8
43.Qb7+ Kh8 44.Ra3 f4 45.Qf7 Qxe6+ 46.Qxe6 Rxe6 47.gxf4 Kg7 48.Kg4 Rb6 49.h4 Rg6+
50.Kf5 Rf6+ 51.Ke5 Rb6 52.Ra7+ Kf8 53.Rd7 Rb1 54.h5 Ra1 55.Ke6 Ra5 56.f5 Ra8
57.f6 Ra6+ 58.Rd6 Ra8 59.Rd5 Ra6+ 60.Kf5 Ra1 61.Rd8+ Kf7 62.Rd7+ Kf8 63.Rg7 Ra5+
64.Kg6 Rg5+  1/2-1/2

[Event "Gausdal Int"]
[Site "Gausdal"]
[Date "1981.??.??"]
[Round "4"]
[White "Bjerke, Richard"]
[Black "Schussler, Harry"]
[Result "0-1"]
[WhiteElo "2245"]
[BlackElo "2495"]

1.d4 Nf6 2.Nf3 e6 3.c4 b6 4.g3 Ba6 5.b3 Bb4+ 6.Bd2 Be7 7.Bg2 d5 8.cxd5 Nxd5
9.Nc3 O-O 10.O-O Nd7 11.Nxd5 exd5 12.Rc1 c5 13.Bf4 Re8 14.Re1 Bf6 15.dxc5 Nxc5
16.Nd4 Rc8 17.Bh3 Ne6 18.Nc6 Qd7 19.Ne5 Rxc1 20.Qxc1 Bxe5 21.Bxe5 d4 22.Bg2 Bb7
23.Bxb7 Qxb7 24.Bd6 Qd5 25.Bf4 h5 26.Bd2 Nc5 27.Qa3 Ne4 28.Rd1 d3 29.Qa6 Nxf2  0-1

[Event "Gausdal Int"]
[Site "Gausdal"]
[Date "1981.??.??"]
[Round "5"]
[White "Hovde, Frank"]
[Black "Plaskett, Jim"]
[Result "0-1"]
[WhiteElo "2210"]
[BlackElo "2405"]

1.d4 Nf6 2.c4 e6 3.Nf3 b6 4.g3 Ba6 5.Qa4 c5 6.Bg2 Bb7 7.O-O Be7 8.Nc3 O-O
9.Rd1 cxd4 10.Nxd4 Bxg2 11.Kxg2 Qc7 12.Bf4 Qb7+ 13.f3 a6 14.e4 d6 15.Nde2 Rd8
16.Rd2 Nc6 17.Qd1 Ne8 18.a4 g5 19.Be3 Ne5 20.b3 g4 21.Nd4 Nf6 22.Qc2 Rac8
23.f4 Ned7 24.Kg1 Nc5 25.e5 dxe5 26.fxe5 Nfe4 27.Nxe4 Nxe4 28.Re2 Rxd4 29.Bxd4 Ng5
30.Rf2 Rd8 31.Rd1 Rxd4 32.Rxd4 Nh3+ 33.Kf1 Qh1+ 34.Ke2 Nxf2 35.Rf4 Nh3 36.Rxg4+ Bg5  0-1

[Event "BL2-N"]
[Site "Germany"]
[Date "1981.??.??"]
[Round "?"]
[White "Hess, Christian"]
[Black "Neumann, Joachim"]
[Result "1/2-1/2"]
[WhiteElo "2245"]
[BlackElo "2240"]

1.d4 Nf6 2.c4 e6 3.Nf3 b6 4.g3 Ba6 5.Nbd2 Bb4 6.Qc2 Bb7 7.Bg2 Be4 8.Qd1 Bxd2+
9.Bxd2 d6 10.O-O Nbd7 11.Ne1 Bxg2 12.Nxg2 O-O 13.Bg5 h6 14.Bxf6 Nxf6 15.Qd3 c5
16.Rfd1 cxd4 17.Qxd4 d5 18.Ne3 dxc4 19.Qxc4 Qe7 20.Rac1 Rfd8 21.a3 Rxd1+
22.Rxd1  1/2-1/2

[Event "EU-ch U20"]
[Site "Groningen"]
[Date "1981.??.??"]
[Round "13"]
[White "Hansen, Curt"]
[Black "Karolyi, Tibor Jr"]
[Result "1-0"]
[WhiteElo "2335"]
[BlackElo "2310"]

1.d4 Nf6 2.Nf3 e6 3.c4 b6 4.g3 Ba6 5.Nbd2 Bb7 6.Bg2 Be7 7.O-O O-O 8.b3 c5
9.dxc5 bxc5 10.Bb2 Qb6 11.Qc2 h6 12.Rad1 d6 13.Nb1 d5 14.cxd5 Nxd5 15.Nc3 Nc6
16.Qb1 Rfd8 17.Nxd5 exd5 18.Ne1 d4 19.Nd3 Nb4 20.Bxb7 Qxb7 21.Nxb4 Qxb4 22.Rc1 Bf8
23.Qd3 Qa5 24.Rc2 Rab8 25.Bc1 Qb5 26.Rc4 Qe8 27.Ba3 Rd5 28.Rfc1 Rb5 29.Ra4 Re5
30.Rc2 a5 31.Bc1 Qc6 32.Rxd4 Rb4 33.Rd8 a4 34.Bb2 Re8 35.Rxe8 Qxe8 36.Rc4 axb3
37.Rxb4 cxb4 38.axb3 Qc6 39.Bd4 Qe6 40.e4 Be7 41.Be3 Bg5 42.f4 Be7 43.Qd5 Qc8
44.Kg2 Qc2+ 45.Bf2 Qe2 46.e5 h5 47.h3 Bf8 48.f5 Qc2 49.e6 fxe6 50.fxe6 Be7
51.Qb7 Bd6 52.Qf7+ Kh7 53.Qxh5+ Kg8 54.Qd5 Be7 55.h4 Qe2 56.h5 Kh8 57.Qf5 Bd6
58.h6 gxh6 59.Qf6+ Kh7 60.Qf7+ Kh8 61.Qe8+  1-0

[Event "DSV-Turnier"]
[Site "Halle"]
[Date "1981.??.??"]
[Round "2"]
[White "Tischbierek, Raj"]
[Black "Adamski, Jan"]
[Result "1/2-1/2"]
[WhiteElo "2380"]
[BlackElo "2430"]

1.d4 Nf6 2.c4 e6 3.Nf3 b6 4.g3 Ba6 5.b3 Bb4+ 6.Bd2 Bxd2+ 7.Qxd2 c6 8.Bg2 O-O
9.Nc3 d5 10.Ne5 Nfd7 11.Nxd7  1/2-1/2

[Event "DSV-Turnier"]
[Site "Halle"]
[Date "1981.??.??"]
[Round "3"]
[White "Adamski, Jan"]
[Black "Vilela, Jose Luis"]
[Result "1/2-1/2"]
[WhiteElo "2430"]
[BlackElo "2430"]

1.d4 Nf6 2.c4 e6 3.Nf3 b6 4.g3 Ba6 5.Nbd2 c5 6.e4 cxd4 7.e5 Ng8 8.Bg2 Nc6
9.O-O Nge7 10.Qa4 Bb7 11.Nxd4 Nxd4 12.Bxb7 Nef5 13.Nf3 Rb8 14.Nxd4 Nxd4 15.Bg2 Qc7
16.Rd1 Nc6 17.Be3 Rc8 18.f4 Be7 19.Rd3 O-O 20.Rad1 Nb8 21.Kh1  1/2-1/2

[Event "DSV-Turnier"]
[Site "Halle"]
[Date "1981.??.??"]
[Round "13"]
[White "Tischbierek, Raj"]
[Black "Vilela, Jose Luis"]
[Result "1/2-1/2"]
[WhiteElo "2380"]
[BlackElo "2430"]

1.d4 Nf6 2.c4 e6 3.Nf3 b6 4.g3 Ba6 5.b3 Bb4+ 6.Bd2 Be7 7.Nc3 c6 8.e4 d5 9.Qc2 dxe4
10.Nxe4 Bb7 11.c5 Nxe4 12.Qxe4 Nd7 13.b4 a5 14.Qc2 axb4 15.Bxb4 bxc5 16.dxc5 Nxc5
17.Bc3 Bf6 18.Be2 Bxc3+ 19.Qxc3 Qa5 20.Qxa5 Rxa5 21.O-O Ke7 22.Rfc1 Nd7 23.Nd4 Rc8
24.Bf3 Ne5 25.Bg2 Ra4 26.Nb3 Nd7 27.Rc2 g5 28.Rd1 Rc7 29.Rcd2 Bc8 30.Rc1 Ne5
31.Nd4 Bd7 32.Rc5 Kf6 33.f4 gxf4 34.Nb5 Rc4 35.Nxc7 Rxc5 36.gxf4 Ng4 37.Rxd7 Rc1+
38.Bf1 Ne3 39.Kf2 Nxf1 40.h3 h5 41.a4 Ra1 42.a5 Rxa5 43.Kxf1 Ra4 44.Ne8+ Kg6
45.f5+ Kxf5 46.Rxf7+ Kg5 47.Rf2 e5 48.Ng7 Ra7 49.Nf5 Ra3 50.Kg2 c5 51.Nd6 Kh4
52.Nf5+ Kg5 53.Nd6 Kh4 54.Ne4 Re3  1/2-1/2

[Event "Hamburg op"]
[Site "Hamburg"]
[Date "1981.??.??"]
[Round "4"]
[White "Sjoberg, Mats"]
[Black "Budde, Vladimir"]
[Result "1-0"]
[WhiteElo "2330"]
[BlackElo "2355"]

1.d4 Nf6 2.c4 e6 3.Nf3 b6 4.g3 Ba6 5.b3 d5 6.Bg2 dxc4 7.Ne5 Bb4+ 8.Kf1 c6
9.Nxc6 Nxc6 10.Bxc6+ Ke7 11.bxc4 Bxc4 12.Qa4 a5 13.a3 b5 14.Bxb5 Qxd4 15.axb4 Qe4
16.Kg1 Rhb8 17.Bxc4 axb4 18.Ba6 Rb6 19.Nd2 Qd5 20.Qb3 Qxb3 21.Nxb3 Raxa6
22.Rxa6 Rxa6 23.Bd2 Nd5 24.e4 Nc3 25.Bxc3 bxc3 26.Kg2 Ra3 27.Nd4 Ra4 28.Ne2 Rxe4
29.Nxc3 Rc4 30.Ne2 g5 31.Rc1 Ra4 32.Rc7+ Kf6 33.Nc3 Rb4 34.Nd1 h5 35.Ne3 h4
36.Rc4 Rxc4 37.Nxc4 hxg3 38.hxg3 g4 39.Kf1 e5 40.Ke2 Ke6 41.Kd3 f5 42.Ne3 f4
43.Nxg4 Kf5 44.Nh6+ Kg5 45.gxf4+ Kxf4 46.Ke2 Ke4 47.Ng4 Kd4 48.Kf3 e4+ 49.Kf4 Kd3
50.Nf6  1-0

[Event "Hamburg op"]
[Site "Hamburg"]
[Date "1981.??.??"]
[Round "9"]
[White "McCambridge, Vincent"]
[Black "Schneider, Lars Ake"]
[Result "1/2-1/2"]
[WhiteElo "2350"]
[BlackElo "2410"]

1.d4 Nf6 2.c4 e6 3.Nf3 b6 4.g3 Ba6 5.Qb3 c5 6.d5 exd5 7.cxd5 c4 8.Qc2 Bb4+
9.Bd2 Qe7 10.Bxb4 Qxb4+ 11.Nc3 Bb7 12.e4 O-O 13.a3 Qc5 14.Bg2 d6 15.O-O Nbd7
16.h3 b5 17.Qd2 Qb6 18.Nd4 Nc5 19.Nf5 h6 20.Qd4 Ne8 21.Rad1 a5 22.e5 dxe5
23.Qxe5 b4 24.Ne2 Nd3 25.Qe7 Ra7 26.axb4 axb4 27.Qh4 Nxb2 28.Rd4 Qf6 29.Ne7+ Kh8
30.Rb1 Nd3 31.Qxf6 Nxf6 32.d6 Bxg2 33.Kxg2 Ra2 34.Kf1 Rb2 35.Rxb2 Nxb2 36.Nc6 b3
37.d7 Nxd7 38.Rxd7 Na4 39.Rb7 b2 40.Ne5 Rc8 41.Nc3 Nxc3 42.Rxb2 Rc7 43.Rc2 Ne4
44.Ke2 Nd6 45.Kd2 Rc5 46.Nf3 Rd5+ 47.Ke2 g6 48.Rd2 Rxd2+ 49.Kxd2 Kg7 50.Ke3 Nb5
51.Ne5 c3 52.Kd3 f5 53.Nc4 Kf6 54.Ne3 Ke6 55.h4 Ke5 56.f3 h5 57.Ng2 Nd4 58.f4+ Kd5
59.Kxc3 Ne2+ 60.Kd3 Nxg3 61.Ne1 Ne4 62.Nf3 Nf2+ 63.Ke3 Nd1+ 64.Kd3 Nb2+ 65.Ke3 Kc5
66.Ng5 Nd1+ 67.Kf3 Kd4 68.Ne6+ Kd3 69.Nf8 Nc3 70.Nxg6 Nb5 71.Ne5+ Kd2 72.Nd7 Nd4+
73.Kg3 Ne6 74.Kf3 Nd4+  1/2-1/2

[Event "Hradec Kralove"]
[Site "Hradec Kralove"]
[Date "1981.??.??"]
[Round "12"]
[White "Lebredo, Gerardo"]
[Black "Ambroz, Jan"]
[Result "0-1"]
[WhiteElo "2375"]
[BlackElo "2485"]

1.d4 e6 2.c4 Nf6 3.Nf3 b6 4.g3 Ba6 5.Nbd2 d5 6.cxd5 exd5 7.Bg2 Bd6 8.O-O O-O
9.Re1 Re8 10.a3 Bb7 11.b4 a5 12.b5 a4 13.Nb1 c6 14.bxc6 Bxc6 15.Bg5 Nbd7
16.Nc3 h6 17.Bxf6 Nxf6 18.Qd3 Qe7 19.Reb1 Rab8 20.e3 Rec8 21.Nh4 g6 22.Nb5 Kg7
23.Nxd6 Qxd6 24.f3 Qe7 25.Rb4 b5 26.Re1 Bd7 27.Bf1 Rc4 28.Reb1 Rbc8 29.Qd2 Rc2
30.Qe1 R2c3 31.Ng2 Bh3 32.Bxb5 Bxg2 33.Kxg2 Rxe3 34.Qd2 Rcc3 35.Rf1 Rxa3
36.Rf2 h5 37.Rxa4 Rxa4 38.Bxa4 Ng4 39.fxg4 Qe4+ 40.Kg1 Re1+ 41.Rf1 Re2 42.Qxe2 Qxe2
43.gxh5 Qxh5 44.Bd1 Qh6 45.Rf4 g5 46.Rf5 Qb6 47.Rxg5+ Kf8 48.Rxd5 Qb1 49.Re5 Qxd1+
50.Kg2 Qd2+ 51.Kh3 Qxd4 52.Rf5 Qg1 53.g4 Ke7 54.Rh5 Kd7 55.Rf5 Ke8 56.Rh5 Ke7
57.Rf5 Ke6 58.Rh5 Qf2 59.Rf5 Qg1 60.Rh5 f6 61.Rf5 Kf7 62.Rh5 Qe3+ 63.Kg2 Qf4
64.Rh7+ Ke6 65.Rg7 Qb4 66.Kh3 Ke5 67.Rg6 Qe1 68.Rg8 Kf4 69.Rg6 Qe7  0-1

[Event "NZD-ch"]
[Site "Lincoln"]
[Date "1981.??.??"]
[Round "3"]
[White "Aptekar, Lev"]
[Black "Small, Vernon A"]
[Result "1/2-1/2"]
[WhiteElo "2240"]
[BlackElo "2345"]

1.d4 Nf6 2.c4 e6 3.Nf3 b6 4.g3 Ba6 5.Qa4 c5 6.Bg2 Bb7 7.O-O cxd4 8.Nxd4 Bxg2
9.Kxg2 Be7 10.Nc3 O-O 11.Rd1 d6 12.f3 a6 13.e4 Qc8 14.Be3 Qb7 15.Rd2 Rc8
16.Rad1 Nbd7 17.Nde2 Ne5 18.b3 Rab8 19.Bf4 b5 20.cxb5 axb5 21.Qd4 b4 22.Na4 Nxf3
23.Kxf3 e5 24.Qe3 exf4 25.Nxf4 Nd7 26.Nd5 Ne5+ 27.Kg2 Bd8  1/2-1/2

[Event "Lone Pine op"]
[Site "Lone Pine"]
[Date "1981.??.??"]
[Round "?"]
[White "McCambridge, Vincent"]
[Black "Ivkov, Borislav"]
[Result "1/2-1/2"]
[WhiteElo "2335"]
[BlackElo "2540"]

1.d4 Nf6 2.c4 e6 3.Nf3 b6 4.g3 Ba6 5.b3 d5 6.Bg2 Bb4+ 7.Bd2 Be7 8.O-O c6
9.Bc3 Ne4 10.Bb2 Nd7 11.Nbd2 f5 12.Qc2 Rc8 13.a4 O-O 14.Rfe1 Bb4 15.Ba3 Bxa3
16.Rxa3 Qe7 17.Raa1 Qb4 18.a5 b5 19.c5 Nxd2 20.Qxd2 Qxd2 21.Nxd2 e5 22.dxe5 Nxe5
23.Nf3 Nxf3+ 24.Bxf3 Rce8 25.Rad1 Bc8 26.Rd4 g5 27.h4 h6 28.hxg5 hxg5 29.e3 Kg7
30.Kf1 Rh8 31.Ke2 Be6 32.b4 Bf7 33.Rh1 Rxh1 34.Bxh1 Rh8 35.Bg2 Kf6 36.f3 Bg6
37.Kf2 Ke5 38.f4+ Kf6 39.Rd1  1/2-1/2

[Event "Lone Pine op"]
[Site "Lone Pine"]
[Date "1981.??.??"]
[Round "?"]
[White "Romanishin, Oleg M"]
[Black "Lein, Anatoly"]
[Result "1-0"]
[WhiteElo "2595"]
[BlackElo "2485"]

1.d4 Nf6 2.c4 e6 3.Nf3 b6 4.g3 Ba6 5.Nbd2 Bb4 6.Qc2 Bb7 7.Bg2 Be4 8.Qb3 Nc6
9.O-O Bxd2 10.Bxd2 O-O 11.Rfd1 Re8 12.Qc3 a5 13.b3 Qe7 14.Rac1 d6 15.Bg5 Nb4
16.Qe3 Bb7 17.a3 Na6 18.h3 h6 19.Bh4 Rad8 20.g4 Nb8 21.d5 Nbd7 22.Nd4 Qf8
23.Qd2 Rb8 24.Nb5 Rec8 25.b4 axb4 26.axb4 g5 27.Bg3 e5 28.Ra1 Qe7 29.Ra7 Kg7
30.Qe3 Qd8 31.Bf3 Nf8 32.Nc3 Ng6 33.c5 bxc5 34.bxc5 Nf4 35.c6 Bxc6 36.dxc6 Nxh3+
37.Kg2 Nf4+ 38.Bxf4 gxf4 39.Qd3 Rb4 40.Qf5 Rbb8 41.Ne4  1-0

[Event "Lone Pine op"]
[Site "Lone Pine"]
[Date "1981.??.??"]
[Round "?"]
[White "Romanishin, Oleg M"]
[Black "Tarjan, James Edward"]
[Result "1/2-1/2"]
[WhiteElo "2595"]
[BlackElo "2530"]

1.d4 Nf6 2.c4 e6 3.Nf3 b6 4.g3 Ba6 5.Nbd2 Bb7 6.Bg2 Be7 7.O-O O-O 8.b3 c5
9.Bb2 cxd4 10.Nxd4 Bxg2 11.Kxg2 Qc7 12.e4 d6 13.Nb5 Qc6 14.Qf3 Nbd7 15.e5 Nxe5
16.Bxe5 Qxf3+ 17.Nxf3 dxe5 18.Nxe5 a6 19.Nd4 Rfc8 20.Rfd1 Rc7 21.a4 a5 22.Nb5 Rb7
23.Kf3 Rd8 24.Rxd8+ Bxd8 25.Nd6 Re7 26.Rd1 Bc7 27.Nc8 Re8 28.Nc6 Kf8 29.N8a7 Ra8
30.h3 g6 31.Ke3 h5 32.Rd3 Kg7 33.Kf3 Kf8 34.Ke2 Kg7 35.Nb5 Rc8 36.Nca7 Ra8
37.Nc6 Rc8 38.Ne7 Re8 39.Nxg6 Bxg3 40.Rxg3 fxg6 41.Rd3 g5 42.Rd6 h4 43.Kf3 g4+
44.hxg4 h3 45.g5 Nh5 46.Rd1 Kg6 47.Kg4 Rf8 48.Kxh3 Rf3+ 49.Kg4 Rf4+ 50.Kh3 Rf3+
51.Kg4 Rf4+ 52.Kh3  1/2-1/2

[Event "Lone Pine op"]
[Site "Lone Pine"]
[Date "1981.??.??"]
[Round "?"]
[White "Ivkov, Borislav"]
[Black "Bisguier, Arthur Bernard"]
[Result "1/2-1/2"]
[WhiteElo "2540"]
[BlackElo "2440"]

1.Nf3 Nf6 2.c4 e6 3.d4 b6 4.g3 Ba6 5.b3 Bb4+ 6.Bd2 Be7 7.Bg2 d5 8.cxd5 exd5
9.Nc3 O-O 10.Ne5 Bb7 11.O-O Nbd7 12.Bf4 Re8 13.Rc1 c6 14.Rc2 Bf8 15.Qb1 Nh5
16.Nd3 Nxf4 17.Nxf4 Bb4 18.e3 Nf6 19.Rd1 a5 20.Nd3 Bd6 21.Qb2 h5 22.Na4 h4
23.Ne5 hxg3 24.hxg3 c5 25.Nc4 Bc7 26.Nd2  1/2-1/2

[Event "POL-chT"]
[Site "Lubniewice"]
[Date "1981.??.??"]
[Round "1"]
[White "Szmacinska, Grazyna"]
[Black "Sosnowska, Elzbieta"]
[Result "0-1"]
[WhiteElo "2165"]
[BlackElo "2005"]

1.d4 Nf6 2.Nf3 e6 3.c4 b6 4.g3 Ba6 5.Nbd2 Bb7 6.Bg2 Be7 7.O-O O-O 8.Qc2 d5
9.Ne5 c5 10.dxc5 bxc5 11.Nd3 Nbd7 12.Rd1 Qb6 13.cxd5 exd5 14.Nf4 Rfd8 15.b3 Nf8
16.Bb2 Ne6 17.Nxe6 Qxe6 18.Nf1 Rac8 19.Ne3 g6 20.Rac1 Ba8 21.Rd3 Ne4 22.f3 Nf6
23.Kh1 d4 24.Nc4 Nd5 25.a3 Bf8 26.Re1 Bg7 27.e4 Nb6 28.Nd2 c4 29.Nxc4 Nxc4
30.bxc4 Rxc4 31.Qb3 Qc6 32.h4 Qc7 33.f4 Rb8 34.Qa2 Rc2 35.Rb3 d3 36.Rb1 Rxb3
37.Qxb3 Rxb2 38.Rxb2 Qc1+ 39.Kh2 Qxb2 40.Qxd3 Qd4 41.Qb5 Bf8 42.Qe8 Bb7 43.a4 h5
44.a5 Kg7 45.Kh3 Bc5 46.a6 Bxa6 47.f5 Be2  0-1

[Event "POL-chT"]
[Site "Lubniewice"]
[Date "1981.??.??"]
[Round "3"]
[White "Kawczynski, Leslaw"]
[Black "Zielinski, Marek"]
[Result "1/2-1/2"]
[WhiteElo "2200"]
[BlackElo "2200"]

1.Nf3 Nf6 2.d4 e6 3.c4 b6 4.g3 Ba6 5.Nbd2 Bb7 6.Bg2 c5 7.O-O cxd4 8.b3 Be7
9.Nxd4 Bxg2 10.Kxg2 Nc6 11.Nxc6 dxc6 12.Qc2 O-O 13.Bb2 Qc7 14.Ne4 Nxe4 15.Qxe4 Rfd8
16.Rfd1 Rd7 17.Be5 Qb7 18.Bc3 Rad8 19.Qc2 Bc5 20.Rxd7 Qxd7 21.Qe4 f6 22.Rc1 Qe8  1/2-1/2

[Event "POL-chT"]
[Site "Lubniewice"]
[Date "1981.??.??"]
[Round "6"]
[White "Hawelko, Marek"]
[Black "Dejkalo, Stefan"]
[Result "1-0"]
[WhiteElo "2345"]
[BlackElo "2255"]

1.Nf3 Nf6 2.c4 e6 3.d4 b6 4.g3 Ba6 5.b3 Bb4+ 6.Bd2 Be7 7.Bg2 c6 8.Bc3 d5
9.Nbd2 Nbd7 10.O-O O-O 11.Re1 Bb7 12.e4 dxe4 13.Ne5 c5 14.Nxe4 Nxe4 15.Bxe4 Bxe4
16.Rxe4 Bf6 17.Ng4 Qe7 18.Ne3 Rfd8 19.Qc2 cxd4 20.Bxd4 Bxd4 21.Rxd4 Ne5 22.Rxd8+ Rxd8
23.Qe4 Qc7 24.Rd1 Rxd1+ 25.Nxd1 Nc6 26.Nc3 h6 27.Ne2 Qd7 28.Nf4 Qd6 29.h4 e5
30.Nd5 h5 31.Qf5 g6 32.Nf6+ Kh8 33.Qg5 Qd1+ 34.Kg2 Kg7 35.Nd5 Qd4 36.Qf6+ Kg8
37.Qxc6 Qe4+ 38.Kh2 Qe2 39.Qf6  1-0

[Event "Lvov"]
[Site "Lvov"]
[Date "1981.??.??"]
[Round "7"]
[White "Romanishin, Oleg M"]
[Black "Lerner, Konstantin Z"]
[Result "1-0"]
[WhiteElo "2595"]
[BlackElo "2520"]

1.d4 Nf6 2.c4 e6 3.Nf3 b6 4.g3 Ba6 5.Nbd2 Bb7 6.Bg2 Be7 7.O-O O-O 8.Ne1 Bxg2
9.Nxg2 d5 10.cxd5 Qxd5 11.Nf3 Nbd7 12.Be3 Qb7 13.Rc1 Rac8 14.Nf4 c5 15.Qb3 cxd4
16.Bxd4 Nc5 17.Bxc5 Bxc5 18.Rc2 Ne4 19.Nd3 Rc7 20.Nd2 Rfc8 21.Nxe4 Qxe4 22.Rfc1 h5
23.h4 Rd8 24.Qb5 Rcd7 25.b4 Bf8 26.a3 Rd5 27.Qc4 Rd4 28.Qc6 Qf5 29.Rc4 e5
30.Rxd4 exd4 31.Qb7 Re8 32.Rc2 Qg4 33.Kf1 Qh3+ 34.Qg2 Qe6 35.Qf3 g6 36.Rc7 a5
37.Rc6 Qh3+ 38.Kg1 axb4 39.axb4 b5 40.Qd5 Qf5 41.Qxf5 gxf5 42.Kf1 f4 43.gxf4 Rd8
44.Rb6 Rd5 45.Rb7 Kg7 46.Kg2 Kf6 47.Kf3 Ke6 48.f5+ Rxf5+ 49.Ke4 Bd6 50.Rb6 Rf6
51.Rxb5 Rg6 52.Rxh5 Rg4+ 53.Kf3 f5 54.Rh6+ Kd5 55.b5  1-0

[Event "Lvov"]
[Site "Lvov"]
[Date "1981.??.??"]
[Round "8"]
[White "Flesch, Janos"]
[Black "Lerner, Konstantin Z"]
[Result "0-1"]
[WhiteElo "2435"]
[BlackElo "2520"]

1.d4 Nf6 2.c4 e6 3.Nf3 b6 4.g3 Ba6 5.Qa4 Bb7 6.Bg2 c5 7.O-O cxd4 8.Nxd4 Qc8
9.Nc3 Nc6 10.Nxc6 Bxc6 11.Bxc6 Qxc6 12.Qxc6 dxc6 13.Rd1 Bb4 14.Bd2 O-O-O
15.a3 Bd6 16.h3 Be5 17.Be1 Kc7 18.e3 g5 19.Kf1 Nd7 20.Ke2 f5 21.Na4 h5 22.c5 Nxc5
23.Nxc5 Rxd1 24.Nxe6+ Kd6 25.Rxd1+ Kxe6 26.Bc3 Bxc3 27.bxc3 b5 28.Kf3 Rf8
29.Rd2 a5 30.Ke2 g4 31.hxg4 fxg4 32.Rd1 Rf5 33.Rd8 Rc5 34.Kd3 Rd5+ 35.Rxd5 Kxd5
36.c4+ Ke5 37.cxb5 cxb5 38.Kc2 Ke4 39.Kd2 Kf3 40.Ke1 b4 41.axb4 axb4 42.Kd2 Kxf2
43.e4 h4  0-1

[Event "Lvov"]
[Site "Lvov"]
[Date "1981.??.??"]
[Round "10"]
[White "Flesch, Janos"]
[Black "Buturin, Vladimir"]
[Result "1/2-1/2"]
[WhiteElo "2435"]
[BlackElo "2310"]

1.d4 Nf6 2.c4 e6 3.Nf3 b6 4.g3 Ba6 5.b3 Bb4+ 6.Bd2 Be7 7.Bg2 c6 8.Bc3 d5
9.Nbd2 Nbd7 10.O-O O-O 11.Re1 c5 12.e4 dxc4 13.bxc4 cxd4 14.Nxd4 Ne5 15.Nxe6 fxe6
16.Bxe5 Bc5 17.Rf1 Qe7 18.Bc3 e5 19.Rc1 Rac8 20.Bh3 Rc6 21.Kg2 Rd6 22.Qe2 Rfd8
23.Nf3 Rd3  1/2-1/2

[Event "Sokolsky mem"]
[Site "Minsk"]
[Date "1981.??.??"]
[Round "9"]
[White "Dydyshko, Viacheslav"]
[Black "Barkovsky, E."]
[Result "1-0"]
[WhiteElo "2445"]
[BlackElo "2200"]

1.d4 Nf6 2.c4 e6 3.Nf3 b6 4.g3 Ba6 5.b3 c6 6.Bg2 Bb4+ 7.Nbd2 d5 8.O-O Nbd7
9.e4 O-O 10.e5 Ne8 11.Bb2 Rc8 12.a3 Be7 13.Re1 Nc7 14.Rc1 c5 15.Bf1 Bb7 16.dxc5 bxc5
17.Qe2 Re8 18.h4 Rb8 19.Qe3 Bc6 20.Qf4 h6 21.Qg4 Nf8 22.cxd5 exd5 23.Nd4 Bd7
24.e6 Bxe6 25.Qxg7+ Kxg7 26.Nxe6+ Kg8 27.Nxd8 Rbxd8 28.Rxe7 Rxe7 29.Bf6 Red7
30.Bxd8 Rxd8 31.Rxc5 Nce6 32.Ra5 Rd7 33.f4 Nd4 34.Bg2 Nc2 35.Kf2 d4 36.Be4 Rc7
37.Bxc2 Rxc2 38.Ke2 Ne6 39.Rxa7 Rc3 40.f5 Nc5 41.b4 Re3+ 42.Kd1 Nd3 43.b5 Nf2+
44.Kc2 Rc3+ 45.Kb1 Nd3 46.Ne4 Rc1+ 47.Ka2 Rc2+ 48.Kb3 Rb2+ 49.Kc4 Ne5+ 50.Kxd4 Rxb5
51.Rc7 Ra5 52.Rc3 Nd7 53.f6 Ra4+ 54.Kd5 Ra5+ 55.Kc6 Ne5+ 56.Kd6 Ng4 57.Nc5 Nxf6
58.a4 Kg7 59.Kc6 Kg6 60.Rd3 Kf5 61.Kb6 Ra8 62.a5 Ke5 63.a6 Nd5+ 64.Kb7 Re8
65.Nd7+  1-0

[Event "Moscow-ch"]
[Site "Moscow"]
[Date "1981.??.??"]
[Round "5"]
[White "Razuvaev, Yuri S"]
[Black "Antoshin, Vladimir S"]
[Result "1-0"]
[WhiteElo "2525"]
[BlackElo "2470"]

1.d4 Nf6 2.c4 e6 3.Nf3 b6 4.g3 Ba6 5.Nbd2 d5 6.Bg2 Be7 7.O-O O-O 8.Ne5 c5
9.cxd5 exd5 10.Ndf3 Ne4 11.dxc5 bxc5 12.Nd2 Nf6 13.Ndc4 Bb7 14.Qb3 Ba6 15.Ne3 Bxe2
16.Re1 c4 17.Qb7 Bh5 18.Qxa8 Bb4 19.Rf1 Qe7 20.Nxd5  1-0

[Event "Viking"]
[Site "Oslo"]
[Date "1981.??.??"]
[Round "5"]
[White "Sjoberg, Mats"]
[Black "Schneider, Lars Ake"]
[Result "0-1"]
[WhiteElo "2230"]
[BlackElo "2410"]

1.d4 Nf6 2.c4 e6 3.Nf3 b6 4.g3 Ba6 5.b3 Bb4+ 6.Bd2 Be7 7.Bg2 d5 8.Ne5 O-O
9.O-O c6 10.Bc3 Nfd7 11.Nd2 Nxe5 12.dxe5 Nd7 13.Rc1 Rc8 14.Bb2 c5 15.f4 Bb7
16.e3 Qc7 17.cxd5 Bxd5 18.e4 Bb7 19.Nc4 Ba6 20.Qh5 g6 21.Qh3 Bxc4 22.bxc4 Rfd8
23.f5 Nxe5 24.fxe6 f6 25.Rcd1 Rxd1 26.Rxd1 Rd8 27.Rd5 Rxd5 28.exd5 Nxc4 29.Bc3 b5
30.Bf1 Nd6 31.Qh4 Kg7 32.Qf4 b4 33.Bd2 c4 34.Qd4 c3 35.Bf4 c2 36.Qd2 Ne4
37.Qc1 Qc5+ 38.Be3 Qxe3+ 39.Qxe3 Bc5  0-1

[Event "Viking"]
[Site "Oslo"]
[Date "1981.??.??"]
[Round "8"]
[White "Ostermeyer, Peter"]
[Black "Schneider, Lars Ake"]
[Result "1-0"]
[WhiteElo "2395"]
[BlackElo "2410"]

1.d4 Nf6 2.c4 e6 3.Nf3 b6 4.g3 Ba6 5.Qc2 Bb7 6.Bg2 c5 7.O-O cxd4 8.Nxd4 Bxg2
9.Kxg2 Be7 10.Nc3 Qc8 11.b3 O-O 12.Bb2 Nc6 13.Nf3 Qb7 14.Rfd1 a6 15.Ne4 Ne8
16.c5 Rc8 17.Qd2 bxc5 18.Qxd7 Rc7 19.Qd2 Nd4 20.Bxd4 cxd4 21.Qxd4 f5 22.Ned2 Bf6
23.Qe3 Bxa1 24.Qxe6+ Kh8 25.Rxa1 Re7 26.Qc4 Nf6 27.Rc1 Ne4 28.Kg1 Qa7 29.e3 Nxd2
30.Nxd2 Rxe3 31.fxe3 Qxe3+ 32.Kh1 Qxd2 33.Rc2 Qd1+ 34.Kg2 f4 35.gxf4 Qg4+
36.Kh1 Qf3+ 37.Kg1 Rxf4 38.Qxf4  1-0